| 000 | 01671nam a2200217Ia 4500 | ||
|---|---|---|---|
| 003 | Ost | ||
| 005 | 20260416102402.0 | ||
| 008 | 260416s9999||||xx |||||||||||||| ||und|| | ||
| 040 | _cfsecg | ||
| 041 | _aara | ||
| 082 | _a657.42 | ||
| 100 |
_aراحو، بلال _eمؤلف |
||
| 245 | 0 |
_aمطبوعة المحاسبة المالية المعمقة 2 / _c بلال راحو |
|
| 260 |
_aالجزائر _bجامعة الجزائر3: كلية العلوم الإقتصادية، العلوم التجارية وعلوم التسيير _c2024 |
||
| 300 |
_a130 ورقة _bايضاحات _c12 سم |
||
| 504 | _aالمراجع ص.123 | ||
| 520 | _aتغطي مطبوعة المحاسبة المالية المعمقة 2 مجموعة واسعة من الموضوعات المحاسبية، بدءًا من المقاربة البنكية وصولًا إلى المعالجة المحاسبية للأصول الثابتة والمخزونات والمؤونات. تتعمق المطبوعة في تفاصيل الإهتلاك وتدني القيمة، وتناقش التسويات المحاسبية المختلفة. الهدف الرئيسي من هذه المطبوعة هو تزويد القارئ بفهم عميق للمبادئ المحاسبية المتعلقة بتقييم الأصول وتسجيل العمليات المالية، مما يساعده على إعداد القوائم المالية بشكل صحيح ودقيق. | ||
| 653 | _aالمحاسبة المالية | ||
| 710 |
_aجامعة الجزائر3: كلية العلوم الإقتصادية، العلوم التجارية وعلوم التسيير _eناشر علمي |
||
| 942 | _cHANDOUT | ||
| 999 |
_c41452 _d41452 |
||